सचिन तेंडुलकर समग्र चरित्र (Record no. 388426)

MARC details
000 -LEADER
fixed length control field 00617nam a2200157Ia 4500
008 - FIXED-LENGTH DATA ELEMENTS--GENERAL INFORMATION
fixed length control field 100122s9999 xx 000 0 und d
082 ## - DEWEY DECIMAL CLASSIFICATION NUMBER
Item number 72579
Classification number 927.96358
100 ## - MAIN ENTRY--PERSONAL NAME
Personal name पुरंदरे वैभव
245 ## - TITLE STATEMENT
Title सचिन तेंडुलकर समग्र चरित्र
250 ## - EDITION STATEMENT
Edition statement 0
260 ## - PUBLICATION, DISTRIBUTION, ETC. (IMPRINT)
Name of publisher, distributor, etc कॉटिनेंटल प्रकाशन
Date of publication, distribution, etc 2007
630 ## - SUBJECT ADDED ENTRY--UNIFORM TITLE
Uniform title सचिन तेंडुलकर समग्र चरित्र
700 ## - ADDED ENTRY--PERSONAL NAME
Personal name मनोहर अनंत
730 ## - ADDED ENTRY--UNIFORM TITLE
Uniform title सचिन तेंडुलकर समग्र चरित्र
942 ## - ADDED ENTRY ELEMENTS (KOHA)
Koha item type Book
Holdings
Withdrawn status Lost status Damaged status Not for loan Home library Current library Date acquired Cost, normal purchase price Total Checkouts Full call number Barcode Date last seen Cost, replacement price Price effective from Koha item type Public note
        S.V. Pathak Library, Vile Parle S.V. Pathak Library, Vile Parle 01/02/2008 400.00   72579 SVPPARLE-72579 01/25/2010 400.00 01/25/2010 Book ", , ,"